Čo vlastne kompenzuje náhrada nemajetkovej ujmy pozostalých blízkych osôb?
Odpoveď na otázku, čo sa vlastne náhradou nemajetkovej ujmy sekundárnych obetiam kompenzuje. Kritické dôvody, prečo sa peniazmi vyvažuje nie smútok zo straty blízkeho, ale zásah do absolútneho osobnostného práva. Právne posúdenie situácie v prípade vážnej psychickej ujmy sekundárnej obete.
Salvato in:
| Autore principale: | |
|---|---|
| Natura: | Capitolo di libro |
| Lingua: | slovacco |
| Soggetti: | |
| Tags: |
Nessun Tag, puoi essere il primo ad aggiungerne!!
|
MARC
| LEADER | 00000naa a2200000 4500 | ||
|---|---|---|---|
| 001 | 0282703 | ||
| 005 | 20240417075159.0 | ||
| 041 | 0 | |a slo | |
| 044 | |a SK | ||
| 245 | 1 | 0 | |a Čo vlastne kompenzuje náhrada nemajetkovej ujmy pozostalých blízkych osôb? |c Veronika Zoričáková |
| 520 | |a Odpoveď na otázku, čo sa vlastne náhradou nemajetkovej ujmy sekundárnych obetiam kompenzuje. Kritické dôvody, prečo sa peniazmi vyvažuje nie smútok zo straty blízkeho, ale zásah do absolútneho osobnostného práva. Právne posúdenie situácie v prípade vážnej psychickej ujmy sekundárnej obete. | ||
| 610 | 2 | 0 | |a náhrada škody |
| 610 | 2 | 0 | |a zdravie |
| 610 | 2 | 0 | |a zodpovednosť za škody |
| 610 | 2 | 0 | |a zákony |
| 610 | 2 | 0 | |a emócie |
| 610 | 2 | 0 | |a hygiena duševná |
| 100 | 1 | |a Zoričáková, Veronika | |